00914nam a2200241 i 450000100060000000300090000600500170001500700030003200800410003508000140007610000290009024501320011926000330025130000260028449000310031065000390034170000470038070000450042783000390047285200220051199900170053395201220055084949ES-MaACL20250822042022.0t|041124s1968 sp ||||1| spa d a159.922.81 aJersild, Arthurt.96634910aPsicología de la adolescencia / cArthurt Jersild, Manuel de la Escalera ; revisión técnica, Mª Carmen Muñoz de Cueva. aMadrid : bAguilar, c[1968] aXV, 415 p. ; c25 cm.1 aPsicología y educación 4aAdolescentes-xPsicología.996490 aEscalera, Manuel de la, d1895-19949474811 aMuñoz de Cueva, María Carmen.98438710aPsicología y educación9180908 aES-MaACLjC-46077 c84949d84949 00104070aATENEOMbATENEOMcDEPO2d2008-01-17eSCl0oC-46077p1088774r2023-02-23 00:00:00w2023-02-23yMONOGRAFIA